Bandiere di Nazioni con più Arancione - Statistics

Statistiche generali
  • Questo quiz è stato fatto 3.478 volte
  • Il punteggio medio è 9 su 10
Statistiche sulle risposte
con Immagini Hint Risposta % Corretto
33.3% India
99%
33.3% Irlanda
99%
8.67% Cipro
97%
40.7% Bhutan
93%
33.3% Costa d'Avorio
91%
11.4% Sri Lanka
91%
33.3% Armenia
88%
38.5% Niger
77%
9.25% Zambia
72%
10.4% Isole Marshall
69%
Nessun quiz corrispondente trovato
Distribuzione punteggi
Percentuale di utenti per punteggio
Percentile per numero di risposta
I tuoi punteggi nel tempo
Non hai fatto questo quiz